000 00560nam a22001817a 4500
003 OSt
005 20260430015626.0
008 260430b |||||||| |||| 00| 0 eng d
020 _a971-92226-5-4
040 _aDWC-Main Lib.
_cOC
082 _aRes. 808.8 L783r 2001
100 _aLobel, Jason William
245 _aRinconada :
_bBikol-Filipino-English phrasebook/
_cJason William Lobel
260 _aPhil. :
_b lobel & tria Partnership, Co.,
_cc2001.
300 _a71 p. :
_c12 cm.
700 _aBucad, Grace Uvero
942 _2ddc
_cBK-0 CIRC
_hRes.
_n0
999 _c10063
_d10063